000
00274nam a22001337a 4500
008
180927b xxu||||| |||| 00| 0 eng d
020
_a
9780471478027
041
_a
eng
080
_2
3rd
_a
612.39
100
_a
10
101
_a
NUT
245
_a
ServSafe
942
_2
udc
_c
BK
999
_c
48602
_d
48602